Statistiques concernant Culture Générale - Série 1302

Cliquez ici pour prendre le quiz!

Statistiques générales

  • Ce quiz a été pris 47 fois
  • Le résultat moyen est 4 sur 10

Statistiques - réponses

QuestionRéponse% Correct
Quelle lettre signale le robinet d'eau chaude en France ?C
91%
Qui a animé les différentes éditions de la Star Academy jusqu'en 2012 ?Nikos Aliagas
74%
Qui a gagné la première Star Academy ?Jenifer
65%
Qui a consacré un spectacle à son expérience de la maternité ?Florence Foresti
60%
Quel était autrefois le terminus de l'Orient-Express partant d'Istanbul ?Paris
47%
Qui incarne Agecanonix dans Astérix et Obélix contre César et dans Astérix et Obélix aux Jeux olympiques ?Sim
33%
Qui a directement succédé à Patrick Poivre d'Arvor au Vingt heures de TF1, de 2008 à 2012 ?Laurence Ferrari
30%
Quel état insulaire a vendu le code génétique de ses résidents à une société de biotechnologie ?Islande
21%
Quel pays possède la plus grande statue de Jésus ?Pologne
14%
Qui interprète le vilain du film Le Vilain et le cancer du film Le Bruit des glaçons ?Albert Dupontel
9%

Distribution des résultats

Percentile par nombre de réponses

% des personnes avec chaque résultat

Votre développement - résultats

Vous n’avez pas pris ce quiz